Berühmte Wissenschaftlerinnen - Statistiken

Allgemein
  • Dieses Quiz wurde 249 mal gespielt
  • Das Durchschnittsergebnis liegt bei 3 aus 19
Antwortstatistiken
Hint Antwort % Korrekt
Physik- und Chemienobelpreisträgerin, die sich insbesondere um die Erforschung der Radioaktivität bekannt gemacht hat Marie Curie
99%
Mittelalterliche Äbtissin, die Werke zur Natur- und Heilkunde verfasste, Musik komponierte und Philosophie betrieb Hildegard von Bingen
37%
Entwickelte die theoretische Erklärung der Kernspaltung Lise Meitner
26%
Verhaltensforscherin, die Schimpansen in Tansanie studierte Jane Goodall
23%
Erste Programmiererin, die Programme für einen Protocomputer entwarf, Tochter von Romantikdichter Lord Byron Ada Lovelace
16%
Führte Röntgenstrukturanalyse an DNA durch, die die Doppel-Helix-Struktur der DNA entschlüsselte Rosalind Franklin
14%
Mathematikerin und Physikerin, die die Theorie der Ringe, Körper und Algebren revolutionierte und Verbindung von Symetrien und Erhaltungsgrößen erkannte Emmy Noether
13%
Philosophin, Politikwissenschaftlerin und Historikerin, bekannt für Eichmann in Jerusalem, Elemente und Ursprünge totaler Herrschaft und Viva Activa Hannah Arendt
11%
Verhaltensforscherin, die Gorillas untersuchte, bekannt als Protagonistin in Gorillas im Nebel Dian Fossey
7%
Informatikerin, entwickelte den ersten Compiler und die Programmiersprache Flow-Matic, dem Vorgänger von COBOL, Spitzname Amazing Grace Grace Hopper
5%
Genetikerin, entdeckte springende Gene beim Mais und erklärte das Crossing-Over bei Chromosomen Barbara McClintock
3%
Physikerin, die das Experiment zum Nachweis der Paritätsverletzung der schwachen Wechselwirkung entwickelte Chien-Shiung Wu
3%
Chemikerin, die zusammen mit ihrem Ehemann die erste chemische Revolution ermöglichte und die Rolle des Sauerstoffs an der Verbrennung erforschte Marie Lavoisier
3%
Zweite Physiknobelpreisträgerin für ihre Entwicklung des Schalenmodells von Atomkernen Maria Goeppert-Mayer
2%
Chemikerin, die Kevlar erfand Stephanie Kwolek
2%
Biochemikerin und Pharmakologin, die wichtige neue Prinzipien in der Arzeneiforschung aufstellte und unter anderem Medikamente gegen Leukämie, Malaria und AIDS entwickelte Gertrude Belle Elion
1%
Spätantike Philosophin, die einem christlichen Pogrom in Alexandria zu Opfer fiel Hypathia
1%
Ethikerin, insbesondere für die Entwicklung des Trolley-Dilemmas bekannt Philippa Foot
1%
Erste Mathematikprofessorin, wichtige Arbeiten zur Kreiseltheorie und partiellen Differentialgleichungen (Satz mit Cauchy) Sofja Wassiljewna Kowalewskaja
1%
Keine übereinstimmenden Quizze gefunden
Verteilung der Resultate
Anzahl Personen mit jedem Resultat
Perzentil nach korrekt beantworteten Fragen
Ihre Resultats-Entwicklung
Sie haben dieses Quiz noch nicht gespielt